[Event "Kerman Navabi Memorial op 2nd"]
[Site "Kerman"]
[Date "2013.08.29"]
[Round "5"]
[White "Nasiri, Ali Asghar"]
[Black "Baniasad, Emad"]
[Result "0-1"]
[WhiteElo "1484"]
[BlackElo "1895"]
[PlyCount "62"]
[EventDate "2013.08.27"]
[EventType "swiss"]
[EventRounds "9"]
[EventCountry "IRI"]
[SourceTitle "EXT 2014"]
[Source "ChessBase"]
[SourceDate "2013.11.20"]
[SourceVersion "1"]
[SourceVersionDate "2013.11.20"]
[SourceQuality "1"]

1. e4 e5 2. Nf3 Nc6 3. Be2 Nf6 4. d3 d6 5. 0-0 Be7 6. h3 0-0 7. b3 Ne8 8. Bb2 f5 9. Nbd2 f4 10. a3 g5 11. Nh2 Nf6 12. Ng4 Be6 13. Nxf6+ Bxf6 14. Bg4 Qd7 15. Bxe6+ Qxe6 16. Re1 Kg7 17. Nf1 Rh8 18. Nh2 h5 19. b4 a6 20. Rb1 Rag8 21. c3 Kf7 22. d4 Ne7 23. d5 Qd7 24. f3 g4 25. fxg4 Bh4 26. Rf1 Bg3 27. gxh5 Rg5 28. c4 Rgxh5 29. Ng4 Ng6 30. Qb3 Qxg4 31. Rf3 Rxh3 0-1